| 000 | 00735nam a2200253Ia 4500 | ||
|---|---|---|---|
| 003 | OSt | ||
| 005 | 20221006144840.0 | ||
| 006 | a|||||r|||| 00| 0 | ||
| 007 | ta | ||
| 008 | 221006b |||||||| |||| 00| 0 eng d | ||
| 020 |
_a0865319154 _c294.00 |
||
| 024 | _a12,921 | ||
| 037 | _cTextual | ||
| 040 |
_aEASL _cEASL _beng |
||
| 041 |
_2eng _aeng |
||
| 082 | _aV41:1973.N7.M2, M2 | ||
| 100 |
_aGARVER John W _9615189 |
||
| 245 | 0 | _aChina's decision for rapprochement with the United stated 1968-1971 | |
| 260 |
_aBoulder _bWestview Press _c1982 |
||
| 300 |
_a174p. _ccm. |
||
| 490 |
_v CEL _aWestview Replica Edition |
||
| 942 |
_hV41:1973.N7.M2, M2 _cTEXL _2CC |
||
| 999 |
_c1081007 _d1081007 |
||